Normal view MARC view

Entry Topical Term

Number of records used in: 1

001 - CONTROL NUMBER

  • control field: 5558

003 - CONTROL NUMBER IDENTIFIER

  • control field: dpl

005 - DATE AND TIME OF LATEST TRANSACTION

  • control field: 20100803164404.0

008 - FIXED-LENGTH DATA ELEMENTS

  • fixed length control field: 100803|||a|||||| | ||| d

040 ## - CATALOGING SOURCE

  • Original cataloging agency: dpl
  • Transcribing agency: dpl

150 ## - HEADING--TOPICAL TERM

  • Topical term or geographic name as entry element: Computer programme language

670 ## - SOURCE DATA FOUND

  • Source citation: Work cat.: (dpl): Kanetkar, Yashavant 5557, Written tests questions in C++ programming /

670 ## - SOURCE DATA FOUND

  • Source citation: Work cat.: (dpl): Kanetkar, Yashavant 5557, Written tests questions in C++ programming /

© Delhi Public Library
Hit Counter
free hit counter